[Event "BUL Plovdiv, Team Ch"]
[Site "Plovdiv"]
[Date "2003.11.05"]
[Round "1"]
[White "Boichev, Marian"]
[Black "Arnaudov G., Petar"]
[Result "1-0"]
[WhiteElo "2164"]
[BlackElo "2129"]
[PlyCount "113"]
[EventDate "2003.11.??"]
[EventType "team"]
[EventRounds "9"]
[EventCountry "BUL"]

1. d4 g6 2. c4 Bg7 3. e4 Nc6 4. Be3 e5 5. Ne2 exd4 6. Nxd4 Nf6 7. Nxc6 dxc6 8.
Qxd8+ Kxd8 9. Nc3 Be6 10. O-O-O+ Nd7 11. Bd4 Bxd4 12. Rxd4 Ke7 13. Be2 a5 14.
b3 Nc5 15. Rhd1 g5 16. f3 h5 17. Kb2 a4 18. Rh1 axb3 19. axb3 h4 20. Rdd1 Ra6
21. Ra1 Rha8 22. Rxa6 Rxa6 23. Rb1 Ra8 24. Na2 b5 25. Nb4 bxc4 26. Bxc4 Bxc4
27. bxc4 Na4+ 28. Kc2 Kd6 29. Ra1 Kc5 30. Kb3 Nb6 31. Rxa8 Nxa8 32. Kc3 Kd6 33.
e5+ Kxe5 34. c5 g4 35. Nd3+ Kf5 36. h3 gxh3 37. gxh3 Nb6 38. cxb6 cxb6 39. Kd4
c5+ 40. Ke3 c4 41. Nb4 f6 42. f4 Ke6 43. Ke4 Kd6 44. Kd4 Ke6 45. Nd5 Kf5 46.
Ke3 b5 47. Kf3 Ke6 48. Nc7+ Kd6 49. Nxb5+ Kc5 50. Nc3 Kd4 51. Nb5+ Kd5 52. Na3
f5 53. Nc2 c3 54. Ke2 Kc4 55. Ke3 Kc5 56. Kd3 Kd5 57. Ne3+ 1-0

[Event "BUL Ch U20"]
[Site "Pleven"]
[Date "2004.02.07"]
[Round "6"]
[White "Boichev, Marian"]
[Black "Asenov, Anatoli"]
[Result "1/2-1/2"]
[WhiteElo "2135"]
[BlackElo "2200"]
[PlyCount "93"]
[EventDate "2004.02.10"]
[EventType "swiss"]
[EventRounds "9"]
[EventCountry "BUL"]

1. d4 Nf6 2. c4 d6 3. Nc3 e5 4. Nf3 e4 5. Nd2 Bf5 6. g4 Bxg4 7. Ndxe4 Nxe4 8.
Nxe4 Nc6 9. Bg2 Be7 10. Bf4 O-O 11. Qd2 Re8 12. O-O-O f5 13. Ng5 Bxg5 14. Bxg5
Qd7 15. f3 Bh5 16. Rde1 d5 17. e3 dxc4 18. Kb1 Rab8 19. Rhg1 b5 20. f4 a5 21.
Bf6 Bg6 22. Bxc6 Qxc6 23. Be5 Qd5 24. Qxa5 Rec8 25. Qb4 Rb7 26. h4 c6 27. Rg5
Ra8 28. h5 Be8 29. Reg1 Qe4+ 30. Kc1 Qxe3+ 31. Qd2 Qxd2+ 32. Kxd2 g6 33. a3 b4
34. axb4 Rxb4 35. Kc3 Raa4 36. hxg6 Rb3+ 37. Kc2 Bxg6 38. Rd1 Rb5 39. Kc3 Kf7
40. Rgg1 Ke6 41. Ra1 Rb3+ 42. Kc2 Rab4 43. Ra2 Bh5 44. Rh1 Bg6 45. Re1 Kd5 46.
Bg7 Rb8 47. Ra5+ 1/2-1/2

[Event "BUL PRISTIS"]
[Site "Rouse"]
[Date "2004.07.11"]
[Round "4.7"]
[White "Boichev, Marian"]
[Black "Enchev, Ivailo"]
[Result "1-0"]
[WhiteElo "2223"]
[BlackElo "2116"]
[PlyCount "59"]
[EventDate "2004.07.??"]
[EventType "swiss"]
[EventRounds "9"]
[EventCountry "BUL"]

1. d4 d5 2. c4 e6 3. Nf3 Nf6 4. Nc3 Be7 5. Bg5 O-O 6. e3 c6 7. Qc2 Nbd7 8. Rc1
Re8 9. a3 dxc4 10. Bxc4 b5 11. Bd3 h6 12. Bxf6 Nxf6 13. O-O a6 14. Ne4 Nxe4 15.
Bxe4 Bb7 16. Ne5 Rc8 17. Bxc6 Bd6 18. Qe4 Bxe5 19. Bxb7 Rxc1 20. Rxc1 Bc7 21.
Qc6 Bd6 22. Qxa6 Qb8 23. Qxb5 Bxh2+ 24. Kh1 Bd6 25. Qxe8+ Qxe8 26. Rc8 Kf8 27.
Kg1 Ke7 28. Rxe8+ Kxe8 29. Kf1 Kd7 30. Ke2 1-0

[Event "BUL Ch U20"]
[Site "Pleven"]
[Date "2004.02.09"]
[Round "8"]
[White "Boichev, Marian"]
[Black "Georgiev, Vasil"]
[Result "1-0"]
[WhiteElo "2135"]
[BlackElo "2060"]
[PlyCount "91"]
[EventDate "2004.02.10"]
[EventType "swiss"]
[EventRounds "9"]
[EventCountry "BUL"]

1. d4 Nf6 2. c4 g6 3. Nc3 Bg7 4. e4 d6 5. f3 O-O 6. Be3 a6 7. Bd3 Nbd7 8. Nge2
c5 9. O-O b6 10. Qd2 e6 11. Rfd1 Bb7 12. Rac1 Qc7 13. Bb1 Rac8 14. b3 Rfd8 15.
d5 e5 16. Bd3 Rf8 17. Rb1 Rb8 18. a3 Ne8 19. Qc2 Bf6 20. b4 Ng7 21. Na4 Be7 22.
bxc5 dxc5 23. Bh6 Qd6 24. Rb3 f6 25. Rdb1 Bd8 26. Ng3 Rf7 27. R1b2 Ne8 28. Bd2
Ba8 29. Qb1 Bc7 30. Nc3 Qe7 31. a4 a5 32. Nb5 Rd8 33. Nxc7 Nxc7 34. Rxb6 Nxb6
35. Rxb6 Ne8 36. Qb5 Rc8 37. Bxa5 Nd6 38. Qb3 Qa7 39. Qc3 Nb7 40. Rb5 Nd6 41.
Rb6 Nb7 42. Rb5 Nd6 43. Ne2 Nxb5 44. axb5 Bb7 45. Nc1 Ra8 46. Nb3 1-0

[Event "BUL U18"]
[Site "Sofia"]
[Date "2004.03.03"]
[Round "7"]
[White "Boichev, Marian"]
[Black "Iotov, Valentin"]
[Result "1/2-1/2"]
[WhiteElo "2196"]
[BlackElo "2321"]
[PlyCount "102"]
[EventDate "2004.02.??"]
[EventType "swiss"]
[EventRounds "9"]
[EventCountry "BUL"]

1. d4 Nf6 2. c4 e6 3. Nf3 b6 4. g3 Ba6 5. b3 Bb7 6. Bg2 Bb4+ 7. Bd2 a5 8. O-O
O-O 9. Qc2 Re8 10. a3 Bf8 11. Nc3 d5 12. cxd5 exd5 13. Bf4 Na6 14. Rfd1 Rc8 15.
Bh3 Ra8 16. Qb2 c5 17. Rac1 Qe7 18. Rc2 Rad8 19. Qc1 c4 20. bxc4 Qxa3 21. Qxa3
Bxa3 22. Nb5 Bf8 23. Nc7 Re7 24. Nxa6 Bxa6 25. Ne5 Rde8 26. Rb1 Bxc4 27. Rxb6
a4 28. Nxc4 dxc4 29. e3 Nd5 30. Rb1 Nxf4 31. gxf4 Rc7 32. Kf1 Ra8 33. Bg2 Ra6
34. Bd5 c3 35. Rb7 Rxb7 36. Bxb7 Rb6 37. Bd5 Rb2 38. Rxb2 cxb2 39. Ba2 Bd6 40.
Ke2 Kf8 41. Kd3 f5 42. Kc4 Ke7 43. f3 a3 44. h3 h6 45. Kd5 Bb8 46. Kc5 Bd6+ 47.
Kc4 Bc7 48. Kb3 Bd6 49. e4 fxe4 50. fxe4 Bxf4 51. Kxa3 Be3 1/2-1/2

[Event "BUL Ch U20"]
[Site "Pleven"]
[Date "2004.02.06"]
[Round "4"]
[White "Boichev, Marian"]
[Black "Nikolov, Momchil"]
[Result "0-1"]
[WhiteElo "2135"]
[BlackElo "2355"]
[PlyCount "114"]
[EventDate "2004.02.10"]
[EventType "swiss"]
[EventRounds "9"]
[EventCountry "BUL"]

1. d4 b5 2. a4 b4 3. e4 Bb7 4. Bd3 e6 5. c4 c5 6. d5 e5 7. b3 d6 8. Bb2 Nd7 9.
Nd2 Ngf6 10. Qe2 g6 11. O-O-O Bg7 12. g3 Qe7 13. f4 exf4 14. gxf4 Nh5 15. Bxg7
Nxg7 16. e5 O-O-O 17. Ngf3 Nh5 18. Qe3 Rhe8 19. Rhe1 Qf8 20. e6 fxe6 21. dxe6
Nxf4 22. exd7+ Kxd7 23. Be4 Ng2 24. Qg5 Nxe1 25. Bxb7 Nd3+ 26. Kc2 Qg7 27. Ne4
Rxe4 28. Rxd3 Re2+ 29. Nd2 Kc7 30. Bf3 Qe5 31. Qxe5 Rxe5 32. Bd5 Rf8 33. Bf3
Rf4 34. h3 h5 35. Kd1 a5 36. Kc2 Kd7 37. Kd1 Ke7 38. Kc2 Rh4 39. Bd5 Rf4 40.
Nf3 Ref5 41. Re3+ Kd8 42. Re6 Rxd5 43. cxd5 Rxf3 44. Rxd6+ Ke7 45. Rxg6 Rxh3
46. Ra6 Rc3+ 47. Kb2 h4 48. Rxa5 Kd6 49. Ra6+ Kxd5 50. Rh6 Rh3 51. Rf6 Rg3 52.
Rh6 h3 53. Kc2 Kd4 54. Rd6+ Ke3 55. Re6+ Kf2 56. Rh6 Kg2 57. a5 h2 0-1

[Event "BUL Ch men Semifinal"]
[Site "Velingrad"]
[Date "2004.03.19"]
[Round "9.11"]
[White "Boichev, Marian"]
[Black "Panaiotov, Janko"]
[Result "1-0"]
[WhiteElo "2196"]
[BlackElo "2320"]
[PlyCount "23"]
[EventDate "2004.03.??"]
[EventType "swiss"]
[EventRounds "9"]
[EventCountry "BUL"]

1. d4 Nf6 2. c4 d6 3. Nc3 e5 4. d5 g6 5. e4 Bg7 6. f3 c5 7. Be3 Ng8 8. Qa4+ Bd7
9. Qb3 Qb6 10. Qxb6 axb6 11. Bd3 Na6 12. Bc2 $11 {
The mobil phone of Panaiotov ring!} 1-0

[Event "BUL PRISTIS"]
[Site "Rouse"]
[Date "2004.07.12"]
[Round "7.7"]
[White "Boichev, Marian"]
[Black "Rusev, Aleksandar"]
[Result "1-0"]
[WhiteElo "2223"]
[BlackElo "2209"]
[PlyCount "86"]
[EventDate "2004.07.??"]
[EventType "swiss"]
[EventRounds "9"]
[EventCountry "BUL"]

1. d4 Nf6 2. c4 e6 3. Nf3 Bb4+ 4. Bd2 Qe7 5. g3 O-O 6. Bg2 Bxd2+ 7. Qxd2 d6 8.
Nc3 e5 9. O-O Bg4 10. Rfe1 h6 11. h3 Bh5 12. dxe5 dxe5 13. Nh4 c6 14. g4 Bxg4
15. hxg4 Nxg4 16. Nf5 Qf6 17. e4 Rd8 18. Qe2 Qg5 19. Rad1 Nd7 20. Ne3 Ngf6 21.
Qf3 h5 22. Qg3 Qh6 23. Nf5 Qh7 24. Rd3 Re8 25. Qg5 Kh8 26. Rd6 Qg6 27. Qxg6
fxg6 28. Nh4 g5 29. Nf3 g4 30. Ng5 Nf8 31. Red1 h4 32. Bf1 Ng6 33. Ne6 Re7 34.
Rd8+ Rxd8 35. Rxd8+ Kh7 36. Nc5 Kh6 37. Rb8 b6 38. Nd3 Kg5 39. Rc8 Rd7 40. Rxc6
Rd4 41. Re6 Nd7 42. Nb5 Rxe4 43. b3 Nf4 1-0

[Event "BUL PRISTIS"]
[Site "Rouse"]
[Date "2004.07.13"]
[Round "8.4"]
[White "Boichev, Marian"]
[Black "Serafimov, Dimitar"]
[Result "1/2-1/2"]
[WhiteElo "2223"]
[BlackElo "2225"]
[PlyCount "76"]
[EventDate "2004.07.??"]
[EventType "swiss"]
[EventRounds "9"]
[EventCountry "BUL"]

1. d4 d5 2. c4 e6 3. Nf3 Be7 4. Nc3 Nf6 5. Bg5 O-O 6. e3 Nbd7 7. Qc2 Re8 8. Rc1
a6 9. cxd5 exd5 10. Bd3 h6 11. Bh4 c5 12. dxc5 Nxc5 13. O-O Bg4 14. Be2 Rc8 15.
Rfd1 Nce4 16. Qb3 Nc5 17. Qc2 Nce4 18. Qb1 Nxc3 19. Rxc3 Rxc3 20. bxc3 Qc7 21.
Bg3 Qc8 22. Qb3 Ne4 23. Rc1 b5 24. Be5 Qe6 25. Bd4 Qf5 26. Qb2 Bd6 27. Rf1 Qh5
28. h4 Bxf3 29. Bxf3 Qxh4 30. g3 Qh3 31. Bg2 Qh5 32. Qc2 Re6 33. Qd3 Ng5 34.
Qf5 g6 35. Qxd5 Nh3+ 36. Kh2 Ng5+ 37. Kg1 Nh3+ 38. Kh2 Ng5+ 1/2-1/2

[Event "BUL Open 2004"]
[Site "Teteven"]
[Date "2004.08.28"]
[Round "5.3"]
[White "Boichev, Marian"]
[Black "Vasilev, Milen"]
[Result "0-1"]
[WhiteElo "2223"]
[BlackElo "2417"]
[PlyCount "118"]
[EventDate "2004.08.??"]
[EventType "swiss"]
[EventRounds "9"]
[EventCountry "BUL"]

1. d4 Nf6 2. c4 c5 3. d5 b5 4. Nd2 bxc4 5. e4 c3 6. bxc3 d6 7. f4 g6 8. Ngf3
Bg7 9. Bb5+ Bd7 10. Bd3 O-O 11. O-O Nh5 12. Nc4 Bxc3 13. Rb1 Bg4 14. h3 Bxf3
15. Qxf3 Nd7 16. g4 Nhf6 17. f5 Ne8 18. e5 Bxe5 19. h4 Bf6 20. Bh6 Bg7 21. Bd2
Ne5 22. Nxe5 dxe5 23. h5 Nd6 24. Qg2 e4 25. Bxe4 Bd4+ 26. Kh1 e6 27. Bf3 Qh4+
28. Qh2 Qxh2+ 29. Kxh2 exf5 30. Bf4 Rad8 31. Bxd6 Rxd6 32. gxf5 g5 33. Rfe1 Rd7
34. Kh3 Kg7 35. Kg4 h6 36. Re2 Rc8 37. Kh3 Kf6 38. Rc2 Rcc7 39. Rb8 Rd6 40. Kg4
Re7 41. Rc8 Re5 42. Rc6 Rxc6 43. dxc6 Ke7 44. Rc1 Kd6 45. Rb1 Re7 46. Rb8 Be5
47. Rd8+ Kc7 48. Ra8 Kb6 49. f6 Re6 50. Bd5 Rxf6 51. Re8 Rf4+ 52. Kh3 Bc7 53.
Re1 c4 54. Rb1+ Kc5 55. Bh1 c3 56. a4 c2 57. Rc1 Rc4 58. Bf3 Bf4 59. c7 Bxc7
0-1

[Event "Plovdiv BUL, Men Ch (Qualifier) 2007"]
[Site "Plovdiv BUL"]
[Date "2007.02.25"]
[Round "2.6"]
[White "Bojchev, M."]
[Black "Bonev, T."]
[Result "1-0"]
[WhiteElo "2366"]
[BlackElo "2230"]
[PlyCount "71"]
[EventDate "2007.02.24"]

1. d4 Nf6 2. c4 g6 3. Nc3 Bg7 4. e4 d6 5. f3 O-O 6. Be3 e5 7. d5 c6 8. Qd2 cxd5
9. cxd5 a6 10. Bd3 Nbd7 11. Nge2 b5 12. b4 Nh5 13. a4 bxa4 14. Rxa4 f5 15. O-O
f4 16. Bf2 g5 17. Rfa1 Nb6 18. Ra5 g4 19. Bxa6 gxf3 20. gxf3 Bh3 21. Kh1 Rf6
22. Ng1 Qd7 23. Bb5 Qc8 24. Rxa8 Nxa8 25. Rxa8 Qxa8 26. Nxh3 Rh6 27. Bd7 Qa1+
28. Qe1 Qb2 29. b5 Bf6 30. Ne2 Bd8 31. Neg1 Rg6 32. Qe2 Qb1 33. Qc4 Kg7 34. Bf5
Rf6 35. Qc8 Ba5 36. Qe8 1-0

[Event "Pleven BUL, Junior Ch U20"]
[Site "Pleven BUL"]
[Date "2006.02.26"]
[Round "8.1"]
[White "Bojchev, M."]
[Black "Enchev, I."]
[Result "1-0"]
[WhiteElo "2354"]
[BlackElo "2272"]
[PlyCount "101"]
[EventDate "2006.02.22"]

1. e4 c5 2. Nf3 e6 3. d4 cxd4 4. Nxd4 a6 5. c4 Nf6 6. Nc3 d6 7. Be3 Be7 8. Be2
O-O 9. O-O Qc7 10. Qd2 Nbd7 11. f3 b6 12. Rfc1 Bb7 13. a4 Rab8 $146 {
13...Rac8; 13...Rfe8; 13...Rfd8.} 14. b4 Rfc8 15. Rab1 Ne5 16. Nb3 Qd7 {!!?}
17. Bxb6 Nxc4 18. Bxc4 Rxc4 19. Na5 Rcc8 20. Be3 d5 21. exd5 $6 {
21.Ba7 Ra8 22.Bc5; 21.e5.} Bxd5 22. b5 axb5 23. axb5 Ba3 {23...Bd6; 23...Ra8.}
24. Rd1 Qc7 25. Nxd5 Nxd5 26. Nc6 Rxb5 {26...Ra8; 26...Rb7.} 27. Rxb5 Qxc6 28.
Rdb1 h6 29. Qd3 Nxe3 30. Qxa3 $16 Nd5 31. Rb8 g6 32. Rc1 Qxc1+ 33. Qxc1 Rxb8
34. Qxh6 Rb1+ 35. Kf2 Rb2+ 36. Kg3 Nf6 37. h3 Rb4 38. Qd2 Nd5 39. Qg5 Rf4 40.
Qd8+ Kg7 41. Qxd5 exd5 42. Kxf4 Kf6 43. Ke3 Ke5 44. f4+ Kf6 45. Kd4 $16 g5 $2
46. fxg5+ Kxg5 47. Kxd5 Kf4 48. Kd6 Kg3 49. Ke5 Kxg2 50. h4 Kg3 51. h5 1-0

[Event "Pleven BUL, Junior Ch U20"]
[Site "Pleven BUL"]
[Date "2006.??.??"]
[Round "1"]
[White "Bojchev, M."]
[Black "Stanoev, A."]
[Result "0-1"]
[WhiteElo "2318"]
[BlackElo "1867"]
[PlyCount "78"]
[EventDate "2006.02.22"]

1. d4 d5 2. c4 e6 3. Nf3 Nf6 4. Nc3 Be7 5. Bg5 h6 6. Bh4 O-O 7. e3 Nbd7 8. Qc2
b6 9. cxd5 exd5 10. Bb5 Bb7 11. Qa4 $6 a6 12. Bxd7 Nxd7 13. Bxe7 Qxe7 14. O-O
c5 15. Rfd1 b5 16. Qa5 c4 17. a4 Bc6 18. Na2 bxa4 19. Nb4 Qd6 20. Ne5 Bb5 21.
Nxd7 Qxd7 22. Ra3 Qd6 23. Rda1 Rfb8 24. h3 Be8 $19 25. Na2 Rxb2 26. Nc3 Rab8
27. Qc5 Qxc5 28. dxc5 Bc6 29. R3a2 Rxa2 30. Rxa2 Rb3 31. Ne2 c3 32. Kh2 Bb5 33.
Nd4 Kf8 34. Rc2 Bd3 35. c6 Ke7 36. Ra2 Rb4 37. c7 Rc4 38. Rxa4 Rxc7 39. Nb3 Bc2
0-1

[Event "Pleven BUL, Junior Ch U20"]
[Site "Pleven BUL"]
[Date "2006.02.24"]
[Round "6.1"]
[White "Bojchev, M."]
[Black "Yordanov, Nikolay"]
[Result "1/2-1/2"]
[WhiteElo "2354"]
[BlackElo "2272"]
[PlyCount "54"]
[EventDate "2006.02.22"]

1. c4 c5 2. Nc3 Nf6 3. Nf3 d5 4. cxd5 Nxd5 5. e3 Nxc3 6. bxc3 g6 7. d4 Bg7 8.
Be2 O-O 9. O-O Qc7 10. Bb2 $6 {10.Ba3} Nd7 11. Qb3 e5 $6 {11...Nf6; 11...Nb6.}
12. d5 $6 {12.Rad1!} b5 $5 13. a4 bxa4 14. Qxa4 Bb7 {14...Nb6} 15. Qa2 {15.e4}
e4 $1 16. Nd2 Qe5 17. Rfb1 $6 {17.Nc4=} Qxd5 18. c4 Qxd2 19. Bxg7 Qxa2 20. Rxa2
Kxg7 {20...Rfb8!?} 21. Rxb7 Ne5 22. Raxa7 Rxa7 23. Rxa7 Rb8 24. f3 Rb2 25. Kf1
Rb1+ $6 {25...Rc2!} 26. Kf2 Rb2 27. Kf1 Rb1+ 1/2-1/2

[Event "Plovdiv BUL, Georgi Tringov Mem 07"]
[Site "Plovdiv BUL"]
[Date "2007.02.11"]
[Round "9.7"]
[White "Bojchev, Marian"]
[Black "Bratanov, Zsivko"]
[Result "1/2-1/2"]
[WhiteElo "2394"]
[BlackElo "2448"]
[PlyCount "100"]
[EventDate "2007.02.05"]

1. d4 d5 2. c4 dxc4 3. Nf3 Nf6 4. e3 e6 5. Bxc4 c5 6. O-O a6 7. dxc5 Qxd1 8.
Rxd1 Bxc5 9. Nbd2 Nc6 10. a3 Ke7 11. b4 Bd6 12. Bb2 Rd8 13. Rac1 Bc7 14. Ng5
Bd7 15. Nge4 Nxe4 16. Nxe4 Be5 17. Bxe5 Nxe5 18. Be2 Bc6 19. Nc5 Rxd1+ 20. Rxd1
Bb5 21. Bxb5 axb5 22. Nxb7 Nc4 23. g3 Rxa3 24. Nc5 g5 25. Rd7+ Ke8 26. Rb7 g4
27. Ne4 f5 28. Nf6+ Kd8 29. h3 h5 30. Nxh5 Ra1+ 31. Kg2 Ra2 32. Kg1 Ra1+ 33.
Kg2 Nd6 34. Rh7 gxh3+ 35. Kxh3 Ne4 36. f4 Rb1 37. g4 Nf2+ 38. Kg3 Ne4+ 39. Kh3
Nf2+ 40. Kg3 Nxg4 41. Ng7 Nxe3 42. Nxe6+ Ke8 43. Nc5 Nd5 44. Rh8+ Ke7 45. Rh7+
Kd6 46. Rh6+ Ke7 47. Re6+ Kf7 48. Re5 Ne7 49. Na6 Rb3+ 50. Kf2 Rb2+ 1/2-1/2

[Event "6th Kesarovski - Georgiev Mem"]
[Site "Sunny Beach BUL"]
[Date "2007.09.12"]
[Round "3.9"]
[White "Bojchev, Marian"]
[Black "Dinev, Dejan"]
[Result "1-0"]
[WhiteElo "2397"]
[BlackElo "2298"]
[PlyCount "135"]
[EventDate "2007.09.10"]
[EventType "swiss"]
[EventRounds "9"]
[EventCountry "BUL"]

1. d4 d5 2. c4 e6 3. Nf3 Nf6 4. Nc3 c6 5. Bg5 Be7 6. e3 O-O 7. Qc2 Nbd7 8. Rc1
Re8 9. a3 a6 10. cxd5 exd5 11. Bd3 h6 12. Bh4 b5 13. O-O Bb7 14. Rfe1 Rc8 15.
Bf5 Ra8 16. Bxd7 Nxd7 17. Bxe7 Rxe7 18. Ne2 Qc7 19. Nf4 Qd6 20. Nd3 Rae8 21.
Nc5 Nb8 22. Nb3 Qc7 23. Qc3 Bc8 24. Ne5 Re6 25. Qa5 R8e7 26. Qxc7 Rxc7 27. Na5
f6 28. Nd3 Rd6 29. Nb4 Bd7 30. Rc5 Kf7 31. Rec1 Ke6 32. g4 Be8 33. Kg2 Kd7 34.
Nd3 Bf7 35. h4 Be6 36. g5 fxg5 37. hxg5 hxg5 38. Kg3 Kc8 39. Ne5 Bd7 40. Nf7
Rg6 41. Rh1 Be8 42. Ne5 Rh6 43. Rhc1 Bd7 44. Nd3 Bf5 45. Nb4 Rh3+ 46. Kg2 g4
47. Naxc6 Nxc6 48. Nxc6 Be4+ 49. Kf1 Rh1+ 50. Ke2 Rxc1 51. Rxc1 Kb7 52. Nd8+
Kb6 53. Rxc7 Kxc7 54. Ne6+ Kd6 55. Nc5 Bf3+ 56. Kf1 a5 57. Nb7+ Ke6 58. Nxa5
Bd1 59. Nc6 Kf5 60. Ne5 g5 61. Kg2 Be2 62. Kg3 Bd1 63. Nd7 Ke4 64. Nc5+ Kf5 65.
b3 Kf6 66. a4 bxa4 67. bxa4 Ke7 68. a5 1-0

[Event "6th Kesarovski - Georgiev Mem"]
[Site "Sunny Beach BUL"]
[Date "2007.09.10"]
[Round "1.18"]
[White "Bojchev, Marian"]
[Black "Draganova, Petranka"]
[Result "1-0"]
[WhiteElo "2400"]
[BlackElo "2094"]
[PlyCount "63"]
[EventDate "2007.09.10"]
[EventType "swiss"]
[EventRounds "9"]
[EventCountry "BUL"]

1. c4 e5 2. Nc3 Nf6 3. Qc2 Nc6 4. e3 d5 5. cxd5 Nxd5 6. Nf3 f5 7. Nxd5 Qxd5 8.
Bc4 Qd6 9. Ng5 Nd8 10. Qb3 Qf6 11. Nf3 Bd6 12. d3 Be6 13. e4 f4 14. O-O Bxc4
15. Qxc4 Qe6 16. Qa4+ Nc6 17. Bd2 O-O 18. Bc3 a6 19. d4 exd4 20. Nxd4 Nxd4 21.
Qxd4 Rf7 22. f3 Qe7 23. Kh1 Bc5 24. Qd5 c6 25. Qb3 b5 26. a3 h6 27. Rfd1 Rd8
28. Rxd8+ Qxd8 29. Rd1 Qe7 30. e5 Kh8 31. e6 Rf8 32. Rd7 1-0

[Event "Sunny Beach BUL, Team Ch (m) 2007"]
[Site "Sunny Beach BUL"]
[Date "2007.10.05"]
[Round "7.4"]
[White "Bojchev, Marian"]
[Black "Georgiev, Krum"]
[Result "0-1"]
[WhiteElo "2397"]
[BlackElo "2500"]
[PlyCount "82"]
[EventDate "2007.09.29"]
[EventType "team"]
[EventRounds "7"]
[EventCountry "BUL"]

1. d4 g6 2. c4 Bg7 3. e4 d6 4. Nc3 Nc6 5. Be3 e5 6. d5 Nce7 7. Qd2 f5 8. f3 Nf6
9. Bd3 O-O 10. Nge2 c5 11. h3 f4 12. Bf2 g5 13. O-O-O Ng6 14. Kb1 h5 15. Ka1 g4
16. hxg4 hxg4 17. Rb1 a5 18. Nb5 Kf7 19. Nec3 b6 20. b3 Ke7 21. Kb2 Bd7 22. a3
Rh8 23. Rxh8 Qxh8 24. Nc7 Rg8 25. Ne6 Qh5 26. Qe2 Nf8 27. Nxf8 Bxf8 28. Rg1 Nh7
29. Qf1 Kd8 30. b4 gxf3 31. gxf3 Bh3 32. Qd1 Rxg1 33. Bxg1 Ng5 34. bxc5 bxc5
35. Be2 Bg2 36. Qb3 Bxf3 37. Qb8+ Ke7 38. Bxc5 Kf7 39. Bxf3 Qxf3 40. Bxd6 Bxd6
41. Qxd6 Qxc3+ 0-1

[Event "Plovdiv BUL, Georgi Tringov Mem 07"]
[Site "Plovdiv BUL"]
[Date "2007.02.06"]
[Round "2.15"]
[White "Bojchev, Marian"]
[Black "Ivanov, Hristo"]
[Result "1-0"]
[WhiteElo "2394"]
[BlackElo "2064"]
[PlyCount "105"]
[EventDate "2007.02.05"]

1. d4 Nf6 2. c4 e6 3. Nf3 b6 4. g3 Ba6 5. b3 Bb4+ 6. Bd2 Be7 7. Bg2 c6 8. Bc3
d5 9. Nbd2 O-O 10. O-O c5 11. dxc5 bxc5 12. cxd5 exd5 13. Re1 Bb7 14. Ne5 Nbd7
15. Nd3 Qc7 16. Rc1 Rac8 17. e4 dxe4 18. Nxe4 Nxe4 19. Bxe4 Bxe4 20. Rxe4 Bd6
21. Qh5 Rfe8 22. Rce1 Rxe4 23. Rxe4 Nf8 24. Qg5 Ne6 25. Qf5 Bf8 26. Rxe6 fxe6
27. Qxe6+ Kh8 28. Ne5 h6 29. h4 Rb8 30. Ng6+ Kh7 31. Be5 Qb6 32. Bxb8 Qxb8 33.
Ne5 Qd6 34. Qf5+ Kg8 35. Ng6 Be7 36. h5 Bf6 37. Qe4 Kf7 38. Nf4 Be5 39. Nd3 Bd4
40. Kg2 Qe7 41. Qxe7+ Kxe7 42. Kf3 Kd6 43. Ke4 Kc6 44. b4 Bxf2 45. Nxf2 cxb4
46. Kd4 Kb5 47. Nd3 a5 48. Nb2 a4 49. Nc4 Kc6 50. g4 Kb5 51. Kd5 a3 52. Nd2 b3
53. Nxb3 1-0

[Event "6th Kesarovski - Georgiev Mem"]
[Site "Sunny Beach BUL"]
[Date "2007.09.14"]
[Round "5.2"]
[White "Bojchev, Marian"]
[Black "Janev, Evgeni"]
[Result "1/2-1/2"]
[WhiteElo "2397"]
[BlackElo "2488"]
[PlyCount "140"]
[EventDate "2007.09.10"]
[EventType "swiss"]
[EventRounds "9"]
[EventCountry "BUL"]

1. d4 d6 2. c4 e5 3. d5 Nf6 4. Nc3 Be7 5. e4 c6 6. f3 O-O 7. Be3 Na6 8. Qd2
cxd5 9. cxd5 Ne8 10. O-O-O Bd7 11. Bb5 Bxb5 12. Nxb5 Qd7 13. Nc3 b5 14. Kb1 b4
15. Nce2 Nec7 16. Nc1 Nb5 17. Nge2 Nc5 18. Nd3 Nxd3 19. Qxd3 Rab8 20. Rc1 a5
21. Rc6 g6 22. Rhc1 Bd8 23. Qc4 Qb7 24. Ka1 f5 25. f4 Bf6 26. Rb6 Qd7 27. Rxb8
Rxb8 28. exf5 exf4 29. Nxf4 Qxf5 30. Nd3 Bg7 31. g4 Qf3 32. Qf4 Qxd5 33. Qc4
Qxc4 34. Rxc4 Re8 35. Bc1 Re2 36. Rc8+ Kf7 37. Ra8 Nd4 38. Ra7+ Re7 39. Rxa5 b3
40. Kb1 Rc7 41. a3 Ke7 42. Be3 Rb7 43. Ra4 Nc6 44. h3 Kd7 45. Kc1 Ne5 46. Nxe5+
Bxe5 47. Bd4 Rc7+ 48. Kb1 Ke6 49. Bxe5 Kxe5 50. Rb4 d5 51. Rxb3 d4 52. Rb8 d3
53. Rd8 Ke4 54. b4 Ke3 55. Kb2 d2 56. Re8+ Kf3 57. Rd8 Ke2 58. Kb3 Rc8 59. Rd7
d1=Q+ 60. Rxd1 Kxd1 61. b5 Kd2 62. Kb4 Kd3 63. b6 Kd4 64. Kb5 Kd5 65. b7 Rc1
66. Kb6 Rb1+ 67. Kc7 Rc1+ 68. Kd7 Rb1 69. Kc7 Rc1+ 70. Kd7 Rb1 1/2-1/2

[Event "Sunny Beach BUL, Team Ch (m) 2007"]
[Site "Sunny Beach BUL"]
[Date "2007.09.30"]
[Round "2.3"]
[White "Bojchev, Marian"]
[Black "Karakehayov , Kalin"]
[Result "1/2-1/2"]
[WhiteElo "2397"]
[BlackElo "2429"]
[PlyCount "90"]
[EventDate "2007.09.29"]
[EventType "team"]
[EventRounds "7"]
[EventCountry "BUL"]

1. d4 d5 2. c4 e6 3. Nf3 c6 4. Qc2 Nf6 5. g3 Be7 6. Bg2 O-O 7. O-O Nbd7 8. Nbd2
b6 9. e4 Bb7 10. b3 Rc8 11. e5 Ne8 12. Bb2 Qc7 13. Rac1 Qb8 14. Rfe1 Nc7 15. h4
h6 16. Nf1 c5 17. dxc5 Nxc5 18. Ne3 dxc4 19. Nxc4 Qa8 20. Qe2 Nd5 21. Red1 Rfd8
22. Ne1 Nb4 23. Bxb7 Qxb7 24. Bc3 Nd5 25. Bd4 Qa6 26. Qb2 Ne4 27. Qe2 b5 28.
Qxe4 bxc4 29. Qe2 Nb4 30. bxc4 Qxa2 31. Qxa2 Nxa2 32. Ra1 Nb4 33. Bxa7 Rxd1 34.
Rxd1 Nc6 35. Rd7 Ra8 36. Bd4 Ra4 37. Nf3 Rxc4 38. Kg2 g5 39. hxg5 hxg5 40. g4
Ba3 41. Be3 Rxg4+ 42. Kh3 Re4 43. Nxg5 Rxe5 44. Nf3 Rh5+ 45. Kg2 Ne5 1/2-1/2

[Event "Plovdiv BUL, Georgi Tringov Mem 07"]
[Site "Plovdiv BUL"]
[Date "2007.02.07"]
[Round "4.13"]
[White "Bojchev, Marian"]
[Black "Katov, Luboslav"]
[Result "1/2-1/2"]
[WhiteElo "2394"]
[BlackElo "2294"]
[PlyCount "60"]
[EventDate "2007.02.05"]

1. d4 Nf6 2. c4 e6 3. Nf3 Bb4+ 4. Nbd2 b6 5. a3 Bxd2+ 6. Bxd2 Bb7 7. Bg5 d6 8.
e3 Nbd7 9. Be2 Qe7 10. O-O h6 11. Bh4 O-O 12. b4 c5 13. Qb3 Rfd8 14. Rfd1 d5
15. bxc5 dxc4 16. Qxc4 Bd5 17. Qc2 bxc5 18. e4 Bxe4 19. Qxe4 g5 20. Qe3 Nd5 21.
Qd2 gxh4 22. Qxh6 Qf6 23. Qxf6 N5xf6 24. Nxh4 cxd4 25. Rxd4 Nb6 26. Rad1 Rxd4
27. Rxd4 Re8 28. g3 Rc8 29. Bb5 Rc2 30. Nf3 Rb2 1/2-1/2

[Event "5th Kesarovski - Georgiev Mem"]
[Site "Sunny Beach, BUL"]
[Date "2006.09.04"]
[Round "3.9"]
[White "Bojchev, Marian"]
[Black "Lopez Pereyra, Antonio"]
[Result "1-0"]
[WhiteElo "2325"]
[BlackElo "2138"]
[PlyCount "73"]
[EventDate "2006.09.02"]

1. d4 Nf6 2. c4 c5 3. d5 a6 4. Nd2 e5 5. e4 d6 6. g3 Be7 7. Bg2 O-O 8. Ne2 b5
9. O-O Nbd7 10. b3 Rb8 11. Qc2 Nb6 12. Bb2 Bg4 13. Rae1 Nfd7 14. f4 Bxe2 15.
Rxe2 Bf6 16. Bc1 Re8 17. Nf3 Re7 18. f5 Nf8 19. g4 h6 20. h4 Reb7 21. g5 hxg5
22. hxg5 Be7 23. Bh3 Qe8 24. cxb5 Qxb5 25. f6 Bd8 26. Nh4 c4 27. fxg7 Nh7 28.
g6 fxg6 29. Bh6 Bf6 30. Be6+ Rf7 31. Nxg6 Rbb7 32. Nh8 c3 33. Nxf7 Rxf7 34. Rg2
Qc5+ 35. Kh1 Qc7 36. Qxc3 Qe7 37. Qc6 1-0